00862nam a22001577a 4500008004100000020001800041050002400059245006500083250001900148260006900167300001800236490002300254505036500277650002400642650003800666161011s2012 mx ||||fr|||| 00| 0 spa d a978607762130704aKGF4624.5bL49 201210aLey del impuesto sobre la renta 2012b : texto y comentarios a14a. edición3 aMéxicob : Instituto Mexicano de Contadores Públicosc, 2012 a997 páginas aColección fiscal aDisposiciones generales De las personas morales De las personas morales con fines no lucrativos De las personas físicas disposiciones generales De los residentes en el extranjero con ingresos provenientes de fuente de riqueza ubicada en territorio nacional De los regímenes fiscales preferentes y de las empresas multinacionales De los estímulos fiscales14aIMPUESTOSzMÉXICO14aIMPUESTO SOBRE LA RENTAzMÉXICO